000 00911nas a2200289 4500
001 BR0205069
003 BR-BrBNA
005 20231205103313.0
007 ta
008 230509b bl.|||p| |||| 00| 00por d
040 _aBR-BrBNA
_bpor
_cBiblioteca Nacional de Agricultura
041 _a(Pt)
072 _aH60
100 1 _aHernandez, D.D.
100 1 _aAlves, P.L.C.A.
100 1 _aMartins, J.V.F.
245 1 _aInfluência do resíduo de colheita de cana-de-açúcar sem queima sobre a eficiência dos herbicidas imazapic e imazapic + pendimenthalin
650 _aCANA DE AÇÚCAR
650 _aERVA DANINHA
650 _aHERBICIDA
650 _aPALHADA
650 _aCOLHEITA MECÂNICA
650 _aEFEITO RESIDUAL
773 0 _tPlanta Daninha (Brazil)
_xISSN 0100-8358
_g(Sep-Dec 2001), v. 19(3) p. 419-426
_wBR0205069
909 _a202311
_bLúcia
_c55
_dLúcia Elande
942 _2AGRIS
_n0
_cANA
999 _c172168
_d172168